LEADER 01399nam a2200265 i 4500 001 000000157987 003 CaOOAMICUS 005 20070124000000.0 008 070124s1970 gw u000 u mul u 013 $a135350 040 $aSeMil$bita 245 10$aClassica, Philosophica et Ethica, Theologica, Augustiniana /$cedited by F.L. Cross. 300 $aVII, 355 p. 490 0 $aTexte und Untersuchungen zur Geschichte der altchristlichen Literatur ;$vBand108 490 0 $aStudia patristica ;$v11 650 4$aPatristica - Studi.$0(OLS)http://semarc/subject/3628 700 1 $aCross, Frank Leslie <1900-1968>.$0(OLS)http://semarc/name/4843 700 1 $aInternational Conference on Patristic Studies <5. ; 1967 ; Oxford>.$0(OLS)http://semarc/name/7780 773 0 $tPapers presented to the Fifth International Conference on Patristic Studies held in Oxford 1967.$dBerlin : Akademie Verlag, 1970.$kStudia patristica $w()16950 830 0$aTexte und Untersuchungen zur Geschichte der altchristlichen Literatur ;$vBand108.$0(OLS)http://semarc/title/199 830 0$aStudia patristica ;$v11.$0(OLS)http://semarc/title/22570 850 $aSeMil 852 $aSeMil$W1$xVenegono$y1$m2U IV 211$j109661$B109661$CSeMilBibl$Z2$F119275 $81 961 $aSottoscrizione: Altro 996 $6245$aClassica, Philosophica et Ethica, Theologica, Augustiniana$9(OLS)http://semarc/title/231796 LEADER 01406nam a2200265 i 4500 001 000000254872 003 CaOOAMICUS 005 20170703000000.0 008 170703s2005 it u000 u ita u 013 $a233777 040 $aSeMil$bita 100 1 $aVitali, Maria Chiara.$0(OLS)http://semarc/name/94338 245 13$aLo spazio, il corpo, il testo :$bin movimento. Esplorazione nella poetica di Antonin Artaud. Una Regia e Il Suo Doppio /$cDocente d'indirizzo : prof. Gastone Mariani ; relatore : Gastone Mariani ; correlatore : Corrado Accordino ; tesi di : Maria Chiara Vitali. 260 $a[S.l. :$bs.n.],$c2005. 300 $a111 c. ;$c30 cm. 500 $aIn testa al front : Accademia di Belle Arti di Brera, Corso di Scenografia. 600 14$aArtaud, Antonin <1896-1948>.$0(OLS)http://semarc/subject/46899 650 4$aTesi di laurea.$0(OLS)http://semarc/subject/1690 700 1 $aAccordino, Corrado.$0(OLS)http://semarc/name/94340 700 1 $aMariani, Gastone.$0(OLS)http://semarc/name/94339 850 $aSeMil 852 $aSeMil$W1$xVenegono$y1$m4X II 112$j205218$B205218$CSeMilBibl$Z2$F218705 $8L 961 $aOmaggio: Fumagalli don Aristide 996 $6245$aLo spazio, il corpo, il testo :$bin movimento. Esplorazione nella poetica di Antonin Artaud. Una Regia e Il Suo Doppio$9(OLS)http://semarc/title/411225 996 $6260$a[S.l. :$bs.n.]$9(OLS)http://semarc/publisher/29751